Earth girl (Record no. 40623)

MARC details
000 -LEADER
fixed length control field 00524nam a2200157 a 4500
008 - FIXED-LENGTH DATA ELEMENTS--GENERAL INFORMATION
fixed length control field 201202s2012 ||||||||||||||||| || u
020 ## - INTERNATIONAL STANDARD BOOK NUMBER
International Standard Book Number 9780007443499
050 ## - LIBRARY OF CONGRESS CALL NUMBER
Classification number PR 6105.D825
100 ## - MAIN ENTRY--PERSONAL NAME
Personal name Edwards, Janet
245 10 - TITLE STATEMENT
Title Earth girl
Statement of responsibility, etc. By Janet Edwards
260 ## - PUBLICATION, DISTRIBUTION, ETC.
Place of publication, distribution, etc. London
Name of publisher, distributor, etc. HarperCollinsPublishers
Date of publication, distribution, etc. 2012
300 ## - PHYSICAL DESCRIPTION
Extent 358 pages
350 ## - PRICE (NR) (BK AM CF MU VM SE) [OBSOLETE]
Price 16.25
650 ## - SUBJECT ADDED ENTRY--TOPICAL TERM
Topical term or geographic name entry element ENGLISH LANGUAGE
995 ## - RECOMMENDATION 995 [LOCAL, UNIMARC FRANCE]
-- CBU-MAIN LIBRARY (Kitwe)
-- 16.25
-- 1
-- AVAILABLE
-- Dec 11, 2020
-- Fiction Collection
Holdings
Withdrawn status Lost status Source of classification or shelving scheme Damaged status Not for loan Home library Current library Shelving location Date acquired Total Checkouts Full call number Barcode Date last seen Date last checked out Price effective from Koha item type
          CBU-MAIN LIBRARY, KITWE. CBU-MAIN LIBRARY, KITWE.   11/30/2022 3 PR 6105.D825 750509 04/25/2025 04/14/2025 11/30/2022 MONOGRAPH